Mamiña, niña de mis ojos y otras leyendas de amor
Gardado en:
| Autor Principal: | |
|---|---|
| Formato: | Libro |
| Idioma: | Lingua castelá |
| Publicado: |
Santiago
Santillana
2003
|
| Subjects: | |
| Tags: |
Engadir etiqueta
Sen Etiquetas, Sexa o primeiro en etiquetar este rexistro!
|
MARC
| LEADER | 00000nam a2200000 a 4500 | ||
|---|---|---|---|
| 001 | UCH9382 | ||
| 003 | CL-VaPUC | ||
| 008 | 100107e20030000CL |||||||||||||||||spa|d | ||
| 020 | |a 9561508222 | ||
| 082 | 0 | 4 | |a Ch863 |b CAR |2 21 |
| 100 | |a Carvajal, Víctor |e author |9 569502 | ||
| 245 | 1 | 0 | |a Mamiña, niña de mis ojos y otras leyendas de amor |
| 300 | |a 47 p | ||
| 942 | |c BK | ||
| 945 | |d 20100107 00:00:00 |a rbrito | ||
| 260 | |a Santiago |b Santillana |c 2003 | ||
| 650 | 0 | |a Cuentos infantiles chilenos |9 308784 | |
| 650 | 0 | |a Literatura infantil |9 307465 | |
| 650 | 0 | |a Cuentos chilenos |9 308280 | |
| 583 | |a last modification |c 20100107 00:00:00 |k Rodrigo Vera | ||
| 999 | |c 339367 |d 339365 | ||